000 01171nam a22002537a 4500
005 20170124103037.0
010 _aB-037214
020 _c120.00
_a8126305738
035 _aB-037214
037 _bCen Lib/Ret
040 _aDPL
_bHN
082 _a
_bजैनवी
100 _aजैन, वीरेन्द्र कुमार
_965693
245 _aमुक्तिदूत :
_cवीरेन्द्र कुमार जैन
_bएक पौराणिक रोमांस /
246 _aMuktidoot : ek poraanik romaans /
_bby Virendra Kumar Jain
260 _aनयी दिल्ली
_bभारतीय ज्ञानपीठ
_c2001
270 _a18, इंस्टीट्यूशनल एरिया, लोधी रोड
_bनयी दिल्ली
_e110003
300 _a238पृ.
_c21सेमी (सजिल्द)
650 _a हिन्दी साहित्य
_965694
650 _a हिन्दी साहित्य -- उपन्यास
_946379
650 _aHindi literature
_965695
650 _aHindi literature -- Fiction
_965696
942 _2ddc
_cHN
_h
_mजैनवी
999 _c116275
_d116275